Catálogo

SURVEY OF THE STATE OF THE ART IN HUMAN LANGUAGE TECHNOLOGY (Registro nro. 49227)

Detalles MARC
000 -LEADER
fixed length control field 00832nam a2200181 a 4500
001 - CONTROL NUMBER
control field 49227
005 - DATE AND TIME OF LATEST TRANSACTION
control field 20180714033832.0
008 - FIXED-LENGTH DATA ELEMENTS--GENERAL INFORMATION
fixed length control field 140415s1997 it 000 0 eng d
020 ## - INTERNATIONAL STANDARD BOOK NUMBER
International Standard Book Number 8842700185
041 ## - LANGUAGE CODE
Language code of text/sound track or separate title eng
082 ## - DEWEY DECIMAL CLASSIFICATION NUMBER
Classification number 006.35
Item number SUR
245 00 - TITLE STATEMENT
Title SURVEY OF THE STATE OF THE ART IN HUMAN LANGUAGE TECHNOLOGY
250 ## - EDITION STATEMENT
Edition statement 1a ed.
260 ## - PUBLICATION, DISTRIBUTION, ETC.
Place of publication, distribution, etc. ITALIA :
Name of publisher, distributor, etc. GIARDINI EDITORI E STAMPATORI IN PISA,
Date of publication, distribution, etc. 1997
300 ## - PHYSICAL DESCRIPTION
Extent 934
Dimensions 23.5 x 15.5 x 3.3
520 ## - SUMMARY, ETC.
Summary, etc. HUMAN LANGUAGE TECHNOLOGY IS THE OBJECTIVE OF A FAST-GROW-INS AREA OF INTERDISCIPLINARY RESEARCH AND DEVELOPMENT. THIS TECHNOLOGY PROVIDES COMPUTERS WITH THE CAPABILITY TO HANDLE SPOKEN AND WRITTEN LANGUAGE. ONE MAJOR GOAL IS TO IMPROVE COMMUNICATION BETWEEN HUMANS AND MACHINES.
650 14 - SUBJECT ADDED ENTRY--TOPICAL TERM
Topical term or geographic name entry element LENGUAJE NATURAL
General subdivision PROCESAMIENTO (CIENCIA DE LOS COMPUTADORE
Existencias
Withdrawn status Lost status Source of classification or shelving scheme Damaged status Not for loan Collection code Home library Current library Shelving location Date acquired Source of acquisition Inventory number Total Checkouts Full call number Barcode Date last seen Price effective from Koha item type
    Dewey Decimal Classification     General Biblioteca Karol Wojtyla Biblioteca Karol Wojtyla Sala general 03/12/2013 Compra 151000000000000000015235   '006.35 SUR 73633 05/01/2026 03/12/2013 Libro